书目信息 |
| 题名: |
丰富教学模式
|
|
| 作者: | 兰祖利 , 里斯 著 ;华华 译 | |
| 分册: | ||
| 出版信息: | 上海 华东师范大学出版社 2000 |
|
| 页数: | 328页 | |
| 开本: | 16开 | |
| 丛书名: | ||
| 单 册: | ||
| 中图分类: | G426 | |
| 科图分类: | ||
| 主题词: | 教学法 | |
| 电子资源: | ||
| ISBN: | 7-5617-2332-6 | |
| 000 | 00779nam0 2200229 45 | |
| 001 | 0205140841 | |
| 005 | 20031219104055.5 | |
| 010 | @a7-5617-2332-6@dCNY28.00 | |
| 100 | @a20020514d2000 km y0chiy0120 ea | |
| 101 | 0 | @achi@ceng |
| 105 | @a z 000yy | |
| 200 | 1 | @a丰富教学模式@AFeng Fu Jiao Xue Mo Shi@e一本关于优质教育的指导书@EYi Ben Guan Yu You Zhi Jiao Yu De Zhi Dao Shu@f(美)兰祖利,里斯著@F(Mei)Lan Zu Li,Li Si Zhu@g华华等译 |
| 210 | @a上海@c华东师范大学出版社@d2000 | |
| 215 | @a328页@d16开 | |
| 517 | @a一本关于优质教育的指导书@AYi Ben Guan Yu You Zhi Jiao Yu De Zhi Dao Shu | |
| 606 | 0 | @a教学法 |
| 690 | @aG426@v4 | |
| 701 | @a兰祖利@4著 | |
| 701 | 0 | @a里斯@4著 |
| 702 | 0 | @a华华@AHua Hua@4译 |
| 801 | @aCN@bTSTC@c20020514 | |
| 905 | @b309791-794@dG426@e82@f4 | |
| 丰富教学模式:一本关于优质教育的指导书/(美)兰祖利,里斯著/华华等译.-上海:华东师范大学出版社,2000 |
| 328页;16开 |
| ISBN 7-5617-2332-6:CNY28.00 |
| ● |
| 相关链接 |
|
|
|
|
正题名:丰富教学模式
索取号:G426/82
 
预约/预借
| 序号 | 登录号 | 条形码 | 馆藏地/架位号 | 状态 | 备注 |
| 1 | 0309791 | 203097914 | 第四借阅区/ [索取号:G426/82] | 在馆 | |
| 2 | 0309792 | 203097923 | 第四借阅区/ [索取号:G426/82] | 在馆 | |
| 3 | 0309793 | 203097932 | 第四借阅区/ [索取号:G426/82] | 在馆 | |
| 4 | 0309794 | 203097941 | 第一样本阅览室/ [索取号:G426/82] | 在馆 |